00357pab a2200133 454500008004000000100001700040245009000057260000900147300001300156362001000169650001300179650001100192773002000203180718b2015 xxu||||| |||| 00| 0 eng d aModak, Pintu aSports and recreational activities: an overview of student's perception and awareness c2015 ap.14-16. a9 Nov aStudents aSports aUniversity News